000 01460nam a22003015i 4500
001 156478
003 ES-MaACL
005 20250814220414.0
008 150120s2004 sp |||| | spa d
020 _a84-933594-2-4
080 _a625.7(460.181)(091)(063)
080 _a625.7(460.184)(091)(063)
111 2 _aJornadas de Estudios Históricos (
_n2ª.
_d2003.
_cBenavente)
_9156142
245 1 4 _aLas vías de comunicación en el noroeste ibérico
_b: Benavente encrucijada de caminos /
_cII Jornadas de Estudios Históricos, Benavente, 3, 4, 5, 6 y 7 de noviembre de 2003 ; Rafael González Rodríguez (coordinador).
260 _aBenavente :
_bCentro de Estudios Benaventanos "Ledo del Pozo",
_c2004.
300 _a264 p. :
_bil., mapas ;
_c25 cm.
490 1 _aActas y congresos ;
_v3
504 _aIncluye referencias bibliográficas.
650 4 _aRed viaria-
_zZamora (Provincia)-
_vHistoria-
_vCongresos y asambleas.
_9156143
650 4 _aRed viaria-
_zLeón (Provincia)-
_vHistoria-
_vCongresos y asambleas.
_9156144
700 1 _aGonzález Rodríguez, Rafael,
_d1964-
_9156145
710 2 _aCentro de Estudios Benaventanos "Ledo del Pozo"
_9144530
830 0 _aActas y congresos ;
_v3
_9188073
852 _aES-MaACL
_jA-13320
_9162240
_bR.150319
_cDEPO1
_dOlim: N-6320
_hDonación: Centro de Estudios Benaventanos
914 _9144530
_aCentro de Estudios Benaventanos "Ledo del Pozo"
942 _2udc
_cMONOGRAFIA
999 _c156478
_d156478